UNIX network programming : (Record no. 1581)

MARC details
000 -LEADER
Fixed length control field 00533nam a2200181 4500
003 - CONTROL NUMBER IDENTIFIER
Control field SEACOMEC
005 - DATE AND TIME OF LATEST TRANSACTION
Control field 20240816121640.0
008 - FIXED-LENGTH DATA ELEMENTS--GENERAL INFORMATION
Fixed length control field 240816b |||||||| |||| 00| 0 eng d
020 ## - INTERNATIONAL STANDARD BOOK NUMBER / ISBN
International Standard Book Number 817808015X .
Price 225.00
040 ## - CATALOGING SOURCE
Original cataloging agency SEACOMEC
082 ## - DEWEY DECIMAL CLASSIFICATION NUMBER
Classification number 005.382
Book Number S844
100 ## - MAIN ENTRY--PERSONAL NAME
Personal name Stevens, W. Richard
245 ## - TITLE STATEMENT
Title UNIX network programming :
Sub title vol. 2 interprocess communications /
Statement of responsibility W. Richard Stevens
250 ## - EDITION STATEMENT
Edition statement 2nd ed
260 ## - IMPRINT
Place of publication New Delhi
Name of publisher Pearson Education (Singapore)
Date of publication 2006
300 ## - PHYSICAL DESCRIPTION
Page / Vol. No vol-2; xvii, 558p
942 ## - ADDED ENTRY ELEMENTS (KOHA)
Koha item type Books
Holdings
Withdrawn status Lost status Source of classification Damaged status Not for loan Home library Current library Date acquired Total Checkouts Call number Accession number Date last seen Price effective from Koha item type Copy number
    Dewey Decimal Classification     SEACOM ENGINEERING COLLEGE SEACOM ENGINEERING COLLEGE 25/05/2007   005.382 S844 6766 16/08/2024 16/08/2024 Books  
    Dewey Decimal Classification     SEACOM ENGINEERING COLLEGE SEACOM ENGINEERING COLLEGE 25/05/2007   005.382 S844 6767 16/08/2024 16/08/2024 Books 1
    Dewey Decimal Classification     SEACOM ENGINEERING COLLEGE SEACOM ENGINEERING COLLEGE 25/05/2007   005.382 S844 6768 16/08/2024 16/08/2024 Books 2
    Dewey Decimal Classification     SEACOM ENGINEERING COLLEGE SEACOM ENGINEERING COLLEGE 25/05/2007   005.382 S844 6769 16/08/2024 16/08/2024 Books 3
    Dewey Decimal Classification     SEACOM ENGINEERING COLLEGE SEACOM ENGINEERING COLLEGE 25/05/2007   005.382 S844 6770 16/08/2024 16/08/2024 Books 4
© Seacom Engineering College, All rights reserved.      Powered by Koha